[Event "Titled Tuesday intern op 02nd Apr Early"]
[Site "Chess.com INT"]
[Date "2024.04.02"]
[Round "1"]
[White "Menahem, Adi"]
[Black "Jakubowski, Krzysztof"]
[Result "0-1"]
[WhiteElo "2112"]
[BlackElo "2462"]
[PlyCount "158"]
[EventDate "2024.04.02"]
[EventType "swiss (blitz)"]
[EventRounds "11"]
[EventCountry "USA"]
[SourceTitle "CB15_2024"]
[SourceDate "2024.04.10"]
[SourceVersion "1"]
[SourceVersionDate "2024.04.10"]
[SourceQuality "1"]

1. c4 Nf6 2. Nc3 e5 3. Nf3 Nc6 4. e3 d5 5. cxd5 Nxd5 6. Bb5 Nxc3 7. bxc3 Bd6 8. d4 exd4 9. cxd4 0-0 10. 0-0 Bg4 11. h3 Bh5 12. a4 Nb4 13. Be2 a5 14. Ba3 Re8 15. Bxb4 Bxb4 16. Ne5 Bxe2 17. Qxe2 Qd5 18. Rfc1 c6 19. Qc4 Rad8 20. Qxd5 Rxd5 21. Rc4 Bd6 22. Nf3 Re7 23. Rb1 f5 24. Nd2 Kf8 25. Rb3 Ke8 26. g3 Kd8 27. Kg2 Kc7 28. f3 Bb4 29. Nb1 g6 30. Nc3 Bxc3 31. Rcxc3 Kd6 32. Kf2 b5 33. axb5 cxb5 34. Rb1 Rc7 35. Rxc7 Kxc7 36. Ke2 Kb6 37. Kd3 Rd8 38. Rc1 b4 39. Rc5 Rf8 40. Kc4 Re8 41. Rb5+ Ka6 42. Re5 Rc8+ 43. Rc5 Re8 44. Re5 Rb8 45. Re6+ Ka7 46. Kb3 Rc8 47. Re7+ Kb6 48. Re6+ Kb7 49. Re7+ Ka6 50. Re6+ Kb5 51. Re5+ Kb6 52. Re6+ Kb7 53. Re7+ Kc6 54. Rxh7 Kb6 55. Rg7 Rc3+ 56. Kb2 a4 57. Rxg6+ Kb5 58. Re6 a3+ 59. Kb1 b3 60. Re8 a2+ 61. Kb2 Rc2+ 62. Kxb3 a1Q 63. Re5+ Kc6 64. Kxc2 Qf1 65. f4 Qxh3 66. Kd3 Qxg3 67. Kd2 Qh3 68. Kd3 Kd6 69. Kd2 Qg2+ 70. Kd3 Qb2 71. Kc4 Qc2+ 72. Kb4 Qd3 73. Ka5 Qb3 74. Ka6 Qb4 75. Rb5 Qa3+ 76. Ra5 Qd3+ 77. Kb7 Qxe3 78. Rxf5 Qe4+ 79. d5 Qxf5 0-1

[Event "Titled Tuesday intern op 13th Feb Early"]
[Site "Chess.com INT"]
[Date "2024.02.13"]
[Round "8"]
[White "Demina, Marya"]
[Black "Menahem, Adi"]
[Result "1-0"]
[WhiteElo "1936"]
[BlackElo "2114"]
[PlyCount "53"]
[EventDate "2024.02.13"]
[EventType "swiss (blitz)"]
[EventRounds "11"]
[EventCountry "USA"]
[SourceTitle "CB08_2024"]
[SourceDate "2024.02.21"]
[SourceVersion "1"]
[SourceVersionDate "2024.02.21"]
[SourceQuality "1"]

1. d4 Nf6 2. Nf3 g6 3. c4 Bg7 4. Nc3 d5 5. Bg5 c6 6. e3 0-0 7. Be2 Bg4 8. 0-0 Nbd7 9. c5 h6 10. Bh4 Bxf3 11. Bxf3 e5 12. b4 e4 13. Be2 Qe8 14. b5 Nh7 15. bxc6 bxc6 16. Qa4 Nxc5 17. dxc5 Bxc3 18. Rab1 f5 19. Bg3 g5 20. Bd6 Rf7 21. Bh5 Rc8 22. Bxf7+ Qxf7 23. Rb3 Bf6 24. Rfb1 f4 25. Rb7 Qg6 26. Qxa7 f3 27. Rb8 1-0

[Event "Titled Tuesday intern op 06th Feb Early"]
[Site "Chess.com INT"]
[Date "2024.02.06"]
[Round "3"]
[White "Menahem, Adi"]
[Black "Balint, Peter1"]
[Result "0-1"]
[WhiteElo "2114"]
[BlackElo "2294"]
[PlyCount "102"]
[EventDate "2024.02.06"]
[EventType "swiss (blitz)"]
[EventRounds "11"]
[EventCountry "USA"]
[SourceTitle "CB07_2024"]
[SourceDate "2024.02.14"]
[SourceVersion "1"]
[SourceVersionDate "2024.02.14"]
[SourceQuality "1"]

1. c4 Nf6 2. Nc3 g6 3. e4 e5 4. Nf3 Bg7 5. Nxe5 0-0 6. Nf3 Re8 7. d3 d5 8. cxd5 Nxd5 9. Bd2 Nb4 10. Qb1 Bg4 11. a3 N4c6 12. Be2 Bxf3 13. Bxf3 Nd4 14. Bd1 Nbc6 15. 0-0 Qd7 16. Ne2 Rad8 17. Nxd4 Nxd4 18. Bc3 c5 19. Qc1 b6 20. Rb1 f5 21. Bxd4 Bxd4 22. Bf3 Bg7 23. exf5 Qxf5 24. Be4 Qf7 25. Qc2 Qa2 26. Rfe1 Re5 27. Qc4+ Qxc4 28. dxc4 Rd2 29. Bd5+ Kf8 30. Red1 Ree2 31. Rxd2 Rxd2 32. b4 Bd4 33. Rf1 Ra2 34. Kh1 Bxf2 35. g3 Kg7 36. bxc5 bxc5 37. Rb1 Rxa3 38. Rb7+ Kh6 39. Bg8 Bd4 40. Rxh7+ Kg5 41. Bd5 a5 42. Rf7 a4 43. Kg2 Ra2+ 44. Kh3 a3 45. Be4 Re2 46. Bd3 Rd2 47. Be4 a2 48. Rf4 a1Q 49. Rg4+ Kf6 50. Rxg6+ Ke7 51. Rg7+ Bxg7 0-1

[Event "Titled Tuesday intern op 06th Feb Early"]
[Site "Chess.com INT"]
[Date "2024.02.06"]
[Round "10"]
[White "Menahem, Adi"]
[Black "Erzhanov, Arman"]
[Result "0-1"]
[WhiteElo "2114"]
[BlackElo "2156"]
[PlyCount "54"]
[EventDate "2024.02.06"]
[EventType "swiss (blitz)"]
[EventRounds "11"]
[EventCountry "USA"]
[SourceTitle "CB07_2024"]
[SourceDate "2024.02.14"]
[SourceVersion "1"]
[SourceVersionDate "2024.02.14"]
[SourceQuality "1"]

1. c4 d6 2. d4 e5 3. dxe5 dxe5 4. Qxd8+ Kxd8 5. Nf3 f6 6. Nc3 c6 7. b3 Be6 8. Bb2 Nd7 9. 0-0-0 Kc7 10. e3 Nh6 11. Be2 Bc5 12. h3 Rad8 13. Ne4 Be7 14. Rd2 Nc5 15. Nxc5 Bxc5 16. Rhd1 Rxd2 17. Rxd2 Nf5 18. Kc2 Nd6 19. Rd1 Bf5+ 20. Kc1 Ne4 21. Rf1 Nxf2 22. Nd4 Nd3+ 23. Kb1 Bxd4 24. exd4 Nf4+ 25. Ka1 Nxe2 26. Rxf5 Nxd4 27. g4 Nxf5 0-1

[Event "Titled Tuesday intern op 06th Feb Early"]
[Site "Chess.com INT"]
[Date "2024.02.06"]
[Round "9"]
[White "Sharapov, Evgeny"]
[Black "Menahem, Adi"]
[Result "1/2-1/2"]
[WhiteElo "2375"]
[BlackElo "2114"]
[PlyCount "87"]
[EventDate "2024.02.06"]
[EventType "swiss (blitz)"]
[EventRounds "11"]
[EventCountry "USA"]
[SourceTitle "CB07_2024"]
[SourceDate "2024.02.14"]
[SourceVersion "1"]
[SourceVersionDate "2024.02.14"]
[SourceQuality "1"]

1. e4 d5 2. exd5 Qxd5 3. Nc3 Qd8 4. d4 Nf6 5. Nf3 Bg4 6. h3 Bxf3 7. Qxf3 c6 8. Be3 e6 9. 0-0-0 Bb4 10. Ne4 Nxe4 11. Qxe4 Qd5 12. Qxd5 cxd5 13. c3 Bd6 14. g4 h5 15. Be2 h4 16. f4 Nd7 17. Kd2 g6 18. f5 gxf5 19. gxf5 e5 20. dxe5 Nxe5 21. Bd4 Rg8 22. Rhg1 Ke7 23. Rdf1 f6 24. Kc2 b6 25. Rxg8 Rxg8 26. Rg1 Rxg1 27. Bxg1 Bc5 28. Bh2 Bd6 29. Bf4 Nf7 30. Bd2 Ng5 31. Bf1 Ne4 32. Bg2 Nxd2 33. Kxd2 Bf4+ 34. Kd3 Kd6 35. b3 Ke5 36. Bf3 Bg3 37. Bg2 Bf4 38. Bf3 Bg3 39. Bh1 Bf4 40. Bg2 Bg3 41. Bf3 Bf4 42. Bg2 Bg3 43. Bh1 Bf4 44. Bg2 1/2-1/2

[Event "ISR-ch op"]
[Site "Acre"]
[Date "2024.01.27"]
[Round "7"]
[White "Menahem, Adi"]
[Black "Kluchik, Julia"]
[Result "1-0"]
[WhiteElo "2062"]
[BlackElo "1968"]
[PlyCount "91"]
[EventDate "2024.01.21"]
[EventType "swiss"]
[EventRounds "9"]
[EventCountry "ISR"]
[SourceTitle "CB05_2024"]
[SourceDate "2024.01.31"]
[SourceVersion "1"]
[SourceVersionDate "2024.01.31"]
[SourceQuality "1"]

1. d4 d5 2. Bf4 Nf6 3. e3 c5 4. Nf3 Nc6 5. Nbd2 Nh5 6. dxc5 Nxf4 7. exf4 Qa5 8. c3 Qxc5 9. Bd3 Qd6 10. g3 g6 11. 0-0 Bg7 12. Re1 0-0 13. Kg2 e5 14. fxe5 Nxe5 15. Nxe5 Bxe5 16. Nf3 Bg7 17. Qd2 Bd7 18. Nd4 a6 19. a3 b5 20. Re2 Rab8 21. Nb3 h5 22. h4 Bg4 23. f3 Bc8 24. Qf4 Qxf4 25. gxf4 Bf6 26. Kg3 Rd8 27. Rae1 Kf8 28. Nd4 Bxd4 29. cxd4 b4 30. f5 bxa3 31. bxa3 Rb3 32. Bc2 Rxa3 33. fxg6 fxg6 34. Bxg6 Bg4 35. Re3 Rxe3 36. Rxe3 Kg7 37. Be8 Bf5 38. Bxh5 a5 39. Kf4 Bc2 40. Kg5 Rd7 41. f4 Be4 42. f5 Rd6 43. Ra3 Ra6 44. Bg6 a4 45. h5 Bc2 46. f6+ 1-0

[Event "ISR-ch op"]
[Site "Acre"]
[Date "2024.01.26"]
[Round "6"]
[White "Lakhmish, Shay"]
[Black "Menahem, Adi"]
[Result "0-1"]
[WhiteElo "1664"]
[BlackElo "2062"]
[PlyCount "110"]
[EventDate "2024.01.21"]
[EventType "swiss"]
[EventRounds "9"]
[EventCountry "ISR"]
[SourceTitle "CB05_2024"]
[SourceDate "2024.01.31"]
[SourceVersion "1"]
[SourceVersionDate "2024.01.31"]
[SourceQuality "1"]

1. d4 d5 2. c4 e6 3. Nc3 c6 4. e3 f5 5. Nf3 Nf6 6. Be2 Bd6 7. 0-0 Nbd7 8. Ng5 Qe7 9. cxd5 exd5 10. f4 0-0 11. Nf3 Ne4 12. Nxe4 fxe4 13. Ne5 Nxe5 14. fxe5 Bc7 15. Bd2 Rxf1+ 16. Bxf1 Be6 17. Rc1 c5 18. Qe1 Bb6 19. Bc3 cxd4 20. exd4 Qg5 21. Rd1 Qxe5 22. Qe3 Rf8 23. Be2 Qd6 24. a3 Qd7 25. Bb4 Rf7 26. Bc5 Bc7 27. Bh5 g6 28. Be2 Bg4 29. Rf1 Bxe2 30. Rxf7 Qxf7 31. Qxe2 b6 32. Bb4 a5 33. Be1 Qf4 34. g3 Qc1 35. Kg2 Qc6 36. b4 h5 37. Qa6 axb4 38. axb4 Qe8 39. Qb7 Qf7 40. b5 Kg7 41. Qc6 h4 42. Qc3 h3+ 43. Kg1 Qd7 44. Bd2 Bd6 45. Qe3 Qg4 46. Kf2 Kf6 47. Qb3 Ke6 48. Qe3 Be7 49. Qc3 Kf7 50. Bf4 Qd1 51. Qe3 Qh1 52. Be5 Qxh2+ 53. Ke1 Qg1+ 54. Ke2 Qg2+ 55. Kd1 h2 0-1

[Event "ISR-ch op"]
[Site "Acre"]
[Date "2024.01.23"]
[Round "3"]
[White "Menahem, Adi"]
[Black "Selictar, Ori"]
[Result "1-0"]
[WhiteElo "2062"]
[BlackElo "1435"]
[PlyCount "101"]
[EventDate "2024.01.21"]
[EventType "swiss"]
[EventRounds "9"]
[EventCountry "ISR"]
[SourceTitle "CB05_2024"]
[SourceDate "2024.01.31"]
[SourceVersion "1"]
[SourceVersionDate "2024.01.31"]
[SourceQuality "1"]

1. Nf3 Nf6 2. c4 g6 3. b3 Bg7 4. Bb2 0-0 5. g3 d5 6. cxd5 Nxd5 7. Bxg7 Kxg7 8. Bg2 Nc6 9. d4 e6 10. 0-0 a5 11. e4 Nf6 12. Nc3 Bd7 13. Re1 Re8 14. Rc1 Re7 15. Qd2 Be8 16. d5 exd5 17. exd5 Rxe1+ 18. Rxe1 Nb4 19. Ne5 Nbxd5 20. Bxd5 c6 21. Rd1 cxd5 22. Nxd5 a4 23. b4 Rc8 24. Nxf6 Qxf6 25. Ng4 Qf5 26. Qd4+ f6 27. Re1 Bf7 28. Re7 Rf8 29. Qf4 Qxf4 30. gxf4 h5 31. Ne3 Kh6 32. a3 b5 33. Kg2 Be8 34. Rc7 Rf7 35. Rxf7 Bxf7 36. Kf3 g5 37. Ke4 gxf4 38. Kxf4 Kg6 39. h4 Be6 40. Ke4 f5+ 41. Ke5 Bd7 42. Nd5 Be8 43. Nf4+ Kh6 44. Kxf5 Bc6 45. Kf6 Bf3 46. Nd3 Be2 47. Ne5 Bd1 48. f4 Kh7 49. Kg5 Kg7 50. f5 Be2 51. f6+ 1-0

[Event "Titled Tuesday intern op 15th Aug Early"]
[Site "Chess.com INT"]
[Date "2023.08.15"]
[Round "6"]
[White "Menahem, Adi"]
[Black "Ferey, Antonin"]
[Result "1/2-1/2"]
[WhiteElo "2143"]
[BlackElo "2181"]
[PlyCount "137"]
[EventDate "2023.08.15"]
[EventType "swiss (blitz)"]
[EventRounds "11"]
[EventCountry "USA"]
[SourceTitle "EXT 2024"]
[Source "ChessBase"]
[SourceDate "2023.10.10"]
[SourceVersion "1"]
[SourceVersionDate "2023.10.10"]
[SourceQuality "1"]

1. c4 g6 2. Nc3 Bg7 3. d4 d6 4. e4 Nf6 5. Be2 0-0 6. Nf3 e5 7. 0-0 Bg4 8. dxe5 Bxf3 9. Bxf3 dxe5 10. Bg5 c6 11. Qc2 Na6 12. Rfd1 Qc7 13. a3 Nc5 14. b4 Ne6 15. Be3 Rfd8 16. Rxd8+ Rxd8 17. Rd1 Nd4 18. Qc1 Nxf3+ 19. gxf3 Nh5 20. Ne2 Bf6 21. Rxd8+ Qxd8 22. Qd2 Qxd2 23. Bxd2 Be7 24. Be3 a5 25. c5 axb4 26. axb4 f5 27. exf5 gxf5 28. f4 e4 29. Nd4 Ng7 30. b5 Bxc5 31. bxc6 bxc6 32. Nxc6 Bd6 33. Kg2 Ne6 34. f3 Nxf4+ 35. Bxf4 Bxf4 36. Ne7+ Kf7 37. Nxf5 exf3+ 38. Kxf3 Bxh2 39. Kg4 Be5 40. Nh6+ Kg6 41. Nf5 Bf6 42. Nh4+ Kh6 43. Nf5+ Kg6 44. Nh4+ Kf7 45. Kh5 Ke6 46. Ng6 Kf7 47. Nh4 Bd8 48. Nf3 Kg7 49. Ng5 h6 50. Ne6+ Kf6 51. Nxd8 Ke7 52. Nb7 Kd7 53. Nc5+ Kc6 54. Nd3 Kd5 55. Nf2 Kd4 56. Nd1 Kc5 57. Nf2 Kd6 58. Nh1 Kc7 59. Ng3 Kd8 60. Nf1 Kc8 61. Ne3 Kb8 62. Nc2 Ka7 63. Ne1 Kb6 64. Nd3 Ka6 65. Nf4 Kb5 66. Ne6 Ka4 67. Nc5+ Ka5 68. Na4 Kxa4 69. Kxh6 1/2-1/2

[Event "Titled Tuesday intern op 04th Jul Early"]
[Site "Chess.com INT"]
[Date "2023.07.04"]
[Round "5"]
[White "Toncheva, Nadya"]
[Black "Menahem, Adi"]
[Result "1-0"]
[WhiteElo "2263"]
[BlackElo "2147"]
[PlyCount "125"]
[EventDate "2023.07.04"]
[EventType "swiss (blitz)"]
[EventRounds "11"]
[EventCountry "USA"]
[SourceTitle "EXT 2024"]
[Source "ChessBase"]
[SourceDate "2023.10.10"]
[SourceVersion "1"]
[SourceVersionDate "2023.10.10"]
[SourceQuality "1"]

1. d4 Nf6 2. c4 e6 3. Nc3 b6 4. e4 Bb7 5. Bd3 Bb4 6. f3 d6 7. Nge2 Nbd7 8. 0-0 0-0 9. a3 Bxc3 10. Nxc3 e5 11. d5 Nc5 12. Bc2 a5 13. Be3 Ne8 14. b4 Nd7 15. Qd2 g6 16. Ne2 Ng7 17. Kh1 f5 18. exf5 Nxf5 19. Bg5 Qe8 20. Be4 Qf7 21. Rfc1 Nf6 22. Bxf5 gxf5 23. Nc3 Qg6 24. Nb5 Rf7 25. Bxf6 Qxf6 26. c5 bxc5 27. bxc5 dxc5 28. Rxc5 Qb6 29. Rac1 Rc8 30. d6 c6 31. Nc7 Rd8 32. Ne6 Rdd7 33. Rxe5 c5 34. Nxc5 Rxd6 35. Re8+ Kg7 36. Qg5+ Rg6 37. Qf4 Qb2 38. Ne6+ Kf6 39. Qh4+ Ke5 40. Nc7+ Kd6 41. Qf4+ Kd7 42. Rd1+ Kc6 43. Qc4+ Kb6 44. Re6+ Rxe6 45. Qxe6+ Kxc7 46. Qxf7+ Kb6 47. Qe6+ Bc6 48. Qxf5 Qe2 49. Rb1+ Kc7 50. Qxh7+ Kd6 51. Qg6+ Kc7 52. Qg7+ Kd6 53. Qd4+ Kc7 54. Qb6+ Kd7 55. Qa7+ Kd6 56. Qxa5 Bxf3 57. Qd8+ Kc6 58. Qa8+ Kd6 59. Qxf3 Qa2 60. Rd1+ Kc7 61. Qc3+ Kb6 62. Rd6+ Ka7 63. Qc7+ 1-0

[Event "Titled Tuesday intern op 04th Jul Early"]
[Site "Chess.com INT"]
[Date "2023.07.04"]
[Round "11"]
[White "Winkels, Marcel"]
[Black "Menahem, Adi"]
[Result "1-0"]
[WhiteElo "1920"]
[BlackElo "2147"]
[PlyCount "49"]
[EventDate "2023.07.04"]
[EventType "swiss (blitz)"]
[EventRounds "11"]
[EventCountry "USA"]
[SourceTitle "EXT 2024"]
[Source "ChessBase"]
[SourceDate "2023.10.10"]
[SourceVersion "1"]
[SourceVersionDate "2023.10.10"]
[SourceQuality "1"]

1. e4 d5 2. exd5 Qxd5 3. Nc3 Qd8 4. d4 Nf6 5. Nf3 Bg4 6. h3 Bxf3 7. Qxf3 c6 8. Be3 e6 9. 0-0-0 Bb4 10. Ne4 Nxe4 11. Qxe4 Qd5 12. Qxd5 cxd5 13. a3 Bd6 14. Kb1 Nc6 15. Bb5 a6 16. Bxc6+ bxc6 17. c4 Rb8 18. Ka2 Kd7 19. Rc1 Rhc8 20. Rc2 a5 21. Rhc1 a4 22. g3 g6 23. g4 Rc7 24. c5 Bh2 25. Rh1 1-0

[Event "Titled Tuesday intern op 20th Jun Early"]
[Site "Chess.com INT"]
[Date "2023.06.20"]
[Round "9"]
[White "Buchenau, Frank"]
[Black "Menahem, Adi"]
[Result "0-1"]
[WhiteElo "2222"]
[BlackElo "2140"]
[PlyCount "122"]
[EventDate "2023.06.20"]
[EventType "swiss (blitz)"]
[EventRounds "11"]
[EventCountry "USA"]
[SourceTitle "EXT 2024"]
[Source "ChessBase"]
[SourceDate "2023.10.10"]
[SourceVersion "1"]
[SourceVersionDate "2023.10.10"]
[SourceQuality "1"]

1. e4 d5 2. exd5 Qxd5 3. Nc3 Qd8 4. d4 Nf6 5. Nf3 Bg4 6. h3 Bxf3 7. Qxf3 c6 8. Be3 e6 9. 0-0-0 Bb4 10. Ne4 Nxe4 11. Qxe4 Qd5 12. Qxd5 cxd5 13. c4 dxc4 14. Bxc4 Nd7 15. Kb1 Nb6 16. Bb3 0-0-0 17. Bf4 Bd6 18. Rc1+ Kb8 19. Bg5 f6 20. Bd2 Nd5 21. Rhe1 Rhe8 22. Re4 Re7 23. Rce1 Bb4 24. Bxb4 Nxb4 25. Rxe6 Rxe6 26. Rxe6 Rxd4 27. Re8+ Kc7 28. Re7+ Rd7 29. Rxd7+ Kxd7 30. Bc4 Kd6 31. a3 Nc6 32. Kc2 a6 33. Kc3 Ne5 34. Be2 g6 35. f4 Nd7 36. Bf3 b5 37. Kd4 Nc5 38. g4 Ne6+ 39. Ke3 g5 40. fxg5 fxg5 41. Ke4 Nf4 42. h4 h6 43. hxg5 hxg5 44. Kf5 Ne6 45. Kf6 a5 46. Be4 b4 47. axb4 axb4 48. Bf5 Nd4 49. Kxg5 Ke5 50. Bd3 Nf3+ 51. Kg6 Nh4+ 52. Kh5 Ng2 53. g5 Nf4+ 54. Kh6 Nxd3 55. g6 Nf2 56. Kg5 Ne4+ 57. Kh6 Nf6 58. Kg7 b3 59. Kf7 Nh5 60. Ke7 Ke4 61. Ke6 Nf4+ 0-1

[Event "Titled Tuesday intern op 20th Jun Early"]
[Site "Chess.com INT"]
[Date "2023.06.20"]
[Round "3"]
[White "Goltseva, Ekaterina"]
[Black "Menahem, Adi"]
[Result "1-0"]
[WhiteElo "2289"]
[BlackElo "2140"]
[PlyCount "97"]
[EventDate "2023.06.20"]
[EventType "swiss (blitz)"]
[EventRounds "11"]
[EventCountry "USA"]
[SourceTitle "EXT 2024"]
[Source "ChessBase"]
[SourceDate "2023.10.10"]
[SourceVersion "1"]
[SourceVersionDate "2023.10.10"]
[SourceQuality "1"]

1. e4 d5 2. exd5 Qxd5 3. Nc3 Qd8 4. d4 Nf6 5. Nf3 Bg4 6. Bf4 e6 7. Be2 c6 8. Qd2 Bd6 9. Bg5 Nbd7 10. 0-0-0 0-0 11. h3 Bxf3 12. Bxf3 Qa5 13. Kb1 Nd5 14. Ne4 Qxd2 15. Bxd2 Be7 16. c4 N5f6 17. Nc3 Rfd8 18. Rhe1 Nb6 19. b3 Rxd4 20. Be3 Rxd1+ 21. Rxd1 Rd8 22. Kc2 Kf8 23. a4 Ke8 24. a5 Nc8 25. Na4 a6 26. Nc5 Rxd1 27. Kxd1 Bxc5 28. Bxc5 Nd7 29. Bd4 f6 30. Kc2 e5 31. Be3 Nd6 32. Kc3 Ke7 33. b4 h6 34. Kb3 f5 35. g4 f4 36. Bd2 e4 37. Bg2 g5 38. c5 Nb5 39. Bxe4 Nf6 40. Bd3 Nd5 41. Kc4 Ke6 42. Bf5+ Ke5 43. Bc8 Ke4 44. Bxb7 Nd4 45. Bxa6 Nf3 46. Bc3 Nxc3 47. Kxc3 Nd4 48. Bc4 Nf3 49. a6 1-0

[Event "Titled Tuesday intern op 20th Jun Early"]
[Site "Chess.com INT"]
[Date "2023.06.20"]
[Round "6"]
[White "Skiadopoulos, Nikolaos"]
[Black "Menahem, Adi"]
[Result "0-1"]
[WhiteElo "1896"]
[BlackElo "2140"]
[PlyCount "90"]
[EventDate "2023.06.20"]
[EventType "swiss (blitz)"]
[EventRounds "11"]
[EventCountry "USA"]
[SourceTitle "EXT 2024"]
[Source "ChessBase"]
[SourceDate "2023.10.10"]
[SourceVersion "1"]
[SourceVersionDate "2023.10.10"]
[SourceQuality "1"]

1. e4 d5 2. exd5 Qxd5 3. Nc3 Qd8 4. d4 Nf6 5. Bc4 a6 6. a4 Nc6 7. Be3 Bf5 8. Nf3 e6 9. 0-0 Nb4 10. Rc1 Be7 11. Nh4 Bg6 12. Qd2 0-0 13. Nxg6 hxg6 14. Rcd1 Nbd5 15. Nxd5 Nxd5 16. Bxd5 exd5 17. Rfe1 c6 18. Bf4 Bf6 19. Be5 Re8 20. Re3 Bxe5 21. dxe5 Qc7 22. f4 g5 23. g3 gxf4 24. gxf4 Re6 25. Rde1 Rg6+ 26. Rg3 Rxg3+ 27. hxg3 Re8 28. a5 Qd7 29. Kg2 Qf5 30. b4 g6 31. Rh1 Kg7 32. Qd3 Qxd3 33. cxd3 g5 34. d4 gxf4 35. gxf4 Kg6 36. Kf3 f6 37. Kg4 fxe5 38. dxe5 Rf8 39. e6 Rf6 40. f5+ Rxf5 41. Rh6+ Kxh6 42. Kxf5 Kg7 43. Ke5 Kf8 44. Kd6 Ke8 45. e7 d4 0-1

[Event "Titled Tuesday intern op 13th Jun Early"]
[Site "Chess.com INT"]
[Date "2023.06.13"]
[Round "2"]
[White "Menahem, Adi"]
[Black "Hristodoulou, Panagiotis"]
[Result "1-0"]
[WhiteElo "2140"]
[BlackElo "2362"]
[PlyCount "71"]
[EventDate "2023.06.13"]
[EventType "swiss (blitz)"]
[EventRounds "11"]
[EventCountry "USA"]
[SourceTitle "EXT 2024"]
[Source "ChessBase"]
[SourceDate "2023.10.10"]
[SourceVersion "1"]
[SourceVersionDate "2023.10.10"]
[SourceQuality "1"]

1. c4 e6 2. d4 Nf6 3. Nc3 Bb4 4. e3 0-0 5. Bd3 d5 6. Nge2 b6 7. 0-0 Ba6 8. cxd5 exd5 9. a3 Bd6 10. Ng3 Bxd3 11. Qxd3 c6 12. b4 Nbd7 13. Bb2 Re8 14. Rac1 b5 15. Nb1 Rc8 16. Nd2 Nb6 17. Nf5 Nc4 18. Nxc4 bxc4 19. Qc2 Ne4 20. f3 Nf6 21. Rfe1 Bb8 22. e4 g6 23. Ne3 dxe4 24. fxe4 Rxe4 25. Nxc4 Rxe1+ 26. Rxe1 Nd5 27. Ne5 Bxe5 28. dxe5 Qb6+ 29. Kh1 c5 30. e6 fxe6 31. Qe4 c4 32. Bd4 Qd6 33. Bc5 Rxc5 34. bxc5 Qxc5 35. Qxe6+ Kg7 36. Qe5+ 1-0

[Event "Titled Tuesday intern op 13th Jun Early"]
[Site "Chess.com INT"]
[Date "2023.06.13"]
[Round "7"]
[White "Menahem, Adi"]
[Black "Palczert, Matyas"]
[Result "0-1"]
[WhiteElo "2140"]
[BlackElo "2328"]
[PlyCount "54"]
[EventDate "2023.06.13"]
[EventType "swiss (blitz)"]
[EventRounds "11"]
[EventCountry "USA"]
[SourceTitle "EXT 2024"]
[Source "ChessBase"]
[SourceDate "2023.10.10"]
[SourceVersion "1"]
[SourceVersionDate "2023.10.10"]
[SourceQuality "1"]

1. c4 Nf6 2. Nc3 e6 3. d4 c5 4. Nf3 cxd4 5. Nxd4 Nc6 6. e4 Bb4 7. Nxc6 bxc6 8. e5 Ne4 9. Qc2 Qa5 10. Qxe4 Bxc3+ 11. Kd1 Bxe5 12. Bd2 Qc7 13. Kc2 d5 14. Qf3 0-0 15. Bd3 Rb8 16. Rab1 g6 17. h4 Bg7 18. h5 e5 19. hxg6 fxg6 20. Qg3 Qe7 21. Bg5 Qc5 22. Be3 d4 23. Qh4 h5 24. Bxg6 Qxc4+ 25. Kd1 Bg4+ 26. f3 dxe3 27. fxg4 Qd4+ 0-1

[Event "Titled Tuesday intern op 13th Jun Early"]
[Site "Chess.com INT"]
[Date "2023.06.13"]
[Round "3"]
[White "Menahem, Adi"]
[Black "Skawinski, Arkadiusz"]
[Result "0-1"]
[WhiteElo "2140"]
[BlackElo "2346"]
[PlyCount "96"]
[EventDate "2023.06.13"]
[EventType "swiss (blitz)"]
[EventRounds "11"]
[EventCountry "USA"]
[SourceTitle "EXT 2024"]
[Source "ChessBase"]
[SourceDate "2023.10.10"]
[SourceVersion "1"]
[SourceVersionDate "2023.10.10"]
[SourceQuality "1"]

1. c4 e6 2. d4 d5 3. cxd5 exd5 4. Nc3 c6 5. Nf3 Bd6 6. g3 Bf5 7. Bg2 Nd7 8. 0-0 Ngf6 9. Bg5 h6 10. Bxf6 Nxf6 11. e3 0-0 12. Rc1 a5 13. Na4 Nd7 14. Nc5 Nxc5 15. dxc5 Bc7 16. Nd4 Bg6 17. Qb3 Rb8 18. Rfd1 Qe7 19. Qc3 Be4 20. f3 Bh7 21. Re1 Rfe8 22. Qd2 Qf6 23. Rc3 Be5 24. Kf2 Re7 25. f4 Rbe8 26. Rcc1 g5 27. Bf3 gxf4 28. gxf4 Qh4+ 29. Kg2 Bxf4 30. exf4 Rxe1 31. Rxe1 Qxe1 32. Qxe1 Rxe1 33. Nb3 Rb1 34. Nxa5 Rxb2+ 35. Kg3 Bd3 36. a4 Ba6 37. f5 Kg7 38. Kf4 Kf6 39. h4 Rb4+ 40. Kg3 Kxf5 41. h5 Ke5 42. Bg2 Rxa4 43. Nb3 Ra3 44. Bf3 Rxb3 45. Kh2 Kf4 46. Bg2 Rb2 47. Kg1 Kg3 48. Kh1 Rb1+ 0-1

[Event "Titled Tuesday intern op 06th Jun Early"]
[Site "Chess.com INT"]
[Date "2023.06.06"]
[Round "7"]
[White "Lisjak, Zlatko"]
[Black "Menahem, Adi"]
[Result "0-1"]
[WhiteElo "2213"]
[BlackElo "2140"]
[PlyCount "76"]
[EventDate "2023.06.06"]
[EventType "swiss (blitz)"]
[EventRounds "11"]
[EventCountry "USA"]
[SourceTitle "EXT 2024"]
[Source "ChessBase"]
[SourceDate "2023.10.10"]
[SourceVersion "1"]
[SourceVersionDate "2023.10.10"]
[SourceQuality "1"]

1. d4 Nf6 2. Nc3 d5 3. Bf4 e6 4. e3 Bb4 5. f3 c5 6. Nge2 0-0 7. g4 Nc6 8. a3 Ba5 9. dxc5 e5 10. Bg5 d4 11. b4 Nxb4 12. axb4 Bxb4 13. Rb1 Bxc3+ 14. Nxc3 Qa5 15. Bxf6 Qxc3+ 16. Qd2 Qxd2+ 17. Kxd2 gxf6 18. exd4 exd4 19. Bc4 Be6 20. Bxe6 fxe6 21. Rxb7 Rac8 22. Rxa7 Rxc5 23. Re1 e5 24. f4 Rfc8 25. fxe5 fxe5 26. Kd3 Rc3+ 27. Ke4 Rxc2 28. Kf5 Rf8+ 29. Ke6 d3 30. Rxe5 d2 31. Rg5+ Kh8 32. Rd5 d1Q 33. Rxd1 Re2+ 34. Kd7 Rf7+ 35. Kc6 Rxa7 36. Rd8+ Kg7 37. Rd7+ Rxd7 38. Kxd7 Rxh2 0-1

[Event "Titled Tuesday intern op 06th Jun Early"]
[Site "Chess.com INT"]
[Date "2023.06.06"]
[Round "10"]
[White "Toktomushev, Teimur"]
[Black "Menahem, Adi"]
[Result "1-0"]
[WhiteElo "2212"]
[BlackElo "2140"]
[PlyCount "97"]
[EventDate "2023.06.06"]
[EventType "swiss (blitz)"]
[EventRounds "11"]
[EventCountry "USA"]
[SourceTitle "EXT 2024"]
[Source "ChessBase"]
[SourceDate "2023.10.10"]
[SourceVersion "1"]
[SourceVersionDate "2023.10.10"]
[SourceQuality "1"]

1. d4 Nf6 2. c4 e6 3. Nf3 b6 4. g3 Bb7 5. Bg2 Be7 6. 0-0 0-0 7. Re1 d5 8. cxd5 exd5 9. Bf4 Nbd7 10. Nc3 a6 11. Rc1 c5 12. dxc5 Nxc5 13. Nd4 Nfe4 14. Qc2 Bf6 15. Red1 Bxd4 16. Rxd4 Ne6 17. Rxd5 Bxd5 18. Nxd5 Nxf4 19. Nxf4 f5 20. Ne6 Rc8 21. Nxd8 Rxc2 22. Rxc2 Rxd8 23. Bxe4 fxe4 24. Kg2 Rd1 25. Rc6 b5 26. Rxa6 Rd2 27. e3 Rxb2 28. Rb6 b4 29. Rb5 g6 30. g4 h6 31. Kg3 g5 32. Rb6 Kg7 33. Ra6 Rc2 34. a3 Ra2 35. Rb6 bxa3 36. Ra6 Ra1 37. Ra4 Ra2 38. Kg2 Ra1 39. Rxe4 Rc1 40. Ra4 Rc3 41. h3 Kg6 42. Kf3 Rb3 43. Ra6+ Kg7 44. Ke4 Rb2 45. f4 Rb4+ 46. Kf5 Rb5+ 47. Ke6 Rb3 48. f5 Rxe3+ 49. Kd5 1-0